书目信息 |
| 题名: |
网球裁判必读
|
|
| 作者: | 陶志翔 编著 | |
| 分册: | ||
| 出版信息: | 北京 北京体育大学出版社 1998.08 |
|
| 页数: | 202页 | |
| 开本: | 32开 | |
| 丛书名: | ||
| 单 册: | ||
| 中图分类: | G845.04 | |
| 科图分类: | ||
| 主题词: | 球类运动 | |
| 电子资源: | ||
| ISBN: | 7-81051-299-4 | |
| 000 | 00558nam0 2200193 45 | |
| 001 | 0012131020 | |
| 005 | 20001213100316.7 | |
| 010 | @a7-81051-299-4@d14.00元 | |
| 100 | @a20001213d1998 km y0chiy0120 ea | |
| 101 | 0 | @achi |
| 105 | @a z 000yy | |
| 200 | 1 | @a网球裁判必读@AWang Qiu Cai Pan Bi Du@f陶志翔等编著@FTao Zhi Xiang Deng Bian Zhu |
| 210 | @a北京@c北京体育大学出版社@d1998.08 | |
| 215 | @a202页@d32开 | |
| 606 | 0 | @a球类运动 |
| 690 | @aG845.04@v3 | |
| 701 | 0 | @a陶志翔@4编著 |
| 801 | @aCN@bPftUser@c20001213 | |
| 905 | @b307721-724@dG845.04@eT931@f4 | |
| 网球裁判必读/陶志翔等编著.-北京:北京体育大学出版社,1998.08 |
| 202页;32开 |
| ISBN 7-81051-299-4:14.00元 |
| ● |
| 相关链接 |
|
|
|
正题名:网球裁判必读
索取号:G845.04/T931
 
预约/预借
| 序号 | 登录号 | 条形码 | 馆藏地/架位号 | 状态 | 备注 |
| 1 | 307721 | 203077213 | 社科库409/ [索取号:G845.04/T931] | 在馆 | |
| 2 | 307722 | 203077222 | 社科库409/409社科库 23排4列4层/ [索取号:G845.04/T931] | 在馆 | |
| 3 | 307723 | 203077231 | 社科库409/409社科库 23排4列4层/ [索取号:G845.04/T931] | 在馆 | |
| 4 | 307724 | 203077240 | 社科库409/409社科库 23排4列4层/ [索取号:G845.04/T931] | 在馆 |